000 00394nam a2200157Ia 4500
008 160316s1996 xxu||||| |||| 00| 0 eng d
082 _a0.000000
_b
100 _a
245 _aGroup of specialists on equality and democracy : Final report of activities
250 _a
260 _aStrasbourg
_bCouncil of Europe
_c1996
300 _a121p
_b
_c
365 _b
650 _a
700 _a
_a
999 _c17689
_d17689